000 00262nam a22001217a 4500
999 _c162370
_d162370
082 _a
_b
100 _aKanda K C
245 _aBahadur Shah Zafar/
_cby Kanda K C.
260 _aNew Delhi:
_bSterling,
_c2007.
300 _a425p.
650 _a
942 _cBK